| 000 | 00793nam a2200169 i 4500 | ||
|---|---|---|---|
| 001 | 163601 | ||
| 003 | ES-MaACL | ||
| 005 | 20230906212756.0 | ||
| 008 | 050715s1859 fr | |||||||| ||fre d | ||
| 040 |
_aCAM _bspa _cCAM |
||
| 100 | 1 |
_aRivière, Hippolyte-Ferréol. _9131872 |
|
| 245 | 1 | 0 |
_aPrécis historique et critique de la législation française sur le commerce des céréales et des mesures d'administration prises dans les temps de cherté / _cpar H.-F. Rivière. |
| 260 |
_aParis : _bGuillaumin & Cie libraires-éditeurs : _bMaresq libraire-éditeur, _c1859 ( _eDijon : _fImprimerie J.-E. Rabutot) |
||
| 300 |
_a198 p. ; _c23 cm. |
||
| 650 | 4 |
_aCereales- _xLegislación- _zFrancia. _9135753 |
|
| 852 |
_aES-MaACL _jT-1285-F-10 _z-- Enc. hol. conservando la cub. original _z.- Donat. Bosch |
||
| 999 |
_c163601 _d163601 |
||